Statistics for População do Distrito de Coimbra por ordem

Click here to take the quiz!

General Stats

  • This quiz has been taken 9 times
  • The average score is 6 of 17

Answer Stats

HintAnswer% Correct
140 816 hab.Coimbra
100%
58 951 hab.Figueira da Foz
75%
34 212 hab.Cantanhede
38%
19 413 hab.Oliveira do Hospital
38%
11 065 hab.Arganil
25%
16 732 hab.Condeixa-a-Nova
25%
3 811 hab.Góis
25%
17 006 hab.Lousã
25%
12 113 hab.Mira
25%
12 002 hab.Miranda do Corvo
25%
24 571 hab.Montemor-o-Velho
25%
4 082 hab.Pampilhosa da Serra
25%
13 113 hab.Penacova
25%
5 440 hab.Penela
25%
17 261 hab.Soure
25%
11 160 hab.Tábua
25%
6 803 hab.Vila Nova de Poiares
25%

Score Distribution

Percentile by Number Answered

Percent of People with Each Score

Your Score History

You have not taken this quiz